Role inženýrského geologa v současnosti : sborník příspěvků II. inženýrskogeologického kongresu. Liberec, ČR, 2.-5.9.2014

Gespeichert in:
Bibliographische Detailangaben
Körperschaft: Role inženýrského geologa v současnosti Liberec, Česká republika
Weitere Verfasser: Chmelař, Radovan (Rezension), Kovář, Luděk (Rezension)
Format: Tagungsbericht Buch
Sprache:Tschechisch
Slowakisch
Veröffentlicht: Liberec : Technická univerzita v Liberci, 2014
Tags: Tag hinzufügen
Keine Tags, Fügen Sie das erste Tag hinzu!

MARC

LEADER 00000nam a22000003a 4500
001 stu296661
005 20150617230311.9
008 140910s--------xr----------------------d
020 |a 978-80-903635-4-0 
040 |a STU  |b slo 
041 0 |a cze  |a slo 
044 |a xr 
111 2 |a Role inženýrského geologa v současnosti  |n 2.  |d 2. - 5. 9. 2014  |c Liberec, Česká republika 
245 |a Role inženýrského geologa v současnosti :  |b sborník příspěvků II. inženýrskogeologického kongresu. Liberec, ČR, 2.-5.9.2014 
260 |a Liberec :  |b Technická univerzita v Liberci,  |c 2014 
300 |a s. 125-172 
700 1 |a Chmelař, Radovan  |r Z6  |4 rev 
700 1 |a Kovář, Luděk  |r Z6  |4 rev 
996 |c V*2064/sc-14  |l VV5  |s P  |a 0  |w stu296661_0001